000 00348cam a2200145ua 4500
041 _aeng
_h
082 _a824
_bPOT/ON
100 _aPotter, Stephen .
245 _aOne upmanship /
_cStephen Potter.
_hTextual Documents
260 _aBellomore :
_bPenguin Books ,
_c1962.
300 _a149 ; .
504 _a
942 _cBK
999 _c8863
_d8863